[Event "Seefeld op 9th"]
[Site "Seefeld"]
[Date "1998.??.??"]
[Round "9"]
[White "Welker, Michael"]
[Black "Sucher, Johannes"]
[Result "1-0"]
[WhiteElo "2130"]
[BlackElo "2205"]

1.c4 Nc6 2.d4 d5 3.e3 e5 4.Nf3 Bg4 5.Be2 Bb4+ 6.Bd2 exd4 7.Bxb4 Nxb4 8.Qa4+ Nc6
9.Nxd4 Bxe2 10.Kxe2 Ne7 11.Rd1 Qd7 12.Nxc6 Qxc6 13.Qxc6+ bxc6 14.cxd5 cxd5
15.Nc3 c6 16.Rac1 O-O-O 17.Nb5 Kb7 18.Nd4 Rc8 19.Rc5 h5 20.b4 a6 21.Ra5 g5
22.Rd3 Ng6 23.Rda3 Ra8 24.Nb3 Ne5 25.Nc5+ Kb6 26.Rxa6+ Rxa6 27.Rxa6+ Kb5
28.a3 Nc4 29.Kd3 Nd6 30.Ra7 Rb8 31.Ra5+ Kb6 32.Nd7+ Kc7 33.Nxb8 Kxb8 34.Rc5 Kb7
35.a4 Ne4 36.Rc2 Kb6 37.f3 Nd6 38.g3 f5 39.Kd4  1-0

[Event "St Helier op"]
[Site "St Helier"]
[Date "1998.??.??"]
[Round "1"]
[White "Ward, Christopher"]
[Black "Goldberg, Menashe"]
[Result "1-0"]
[WhiteElo "2480"]
[BlackElo "2190"]

1.d4 d5 2.c4 Nc6 3.cxd5 Qxd5 4.e3 e5 5.Nc3 Bb4 6.Bd2 Bxc3 7.Bxc3 exd4 8.Ne2 Bg4
9.f3 Bxf3 10.gxf3 Qxf3 11.Nxd4 Qxh1 12.Nxc6 Nf6 13.Na5 Qe4 14.Qd4 O-O 15.O-O-O b6
16.Nc4 Qxd4 17.Bxd4 Ne4 18.Bg2 Rae8 19.Rg1 f6 20.b4 c5 21.bxc5 bxc5 22.Ba1 Nf2
23.Bd5+ Kh8 24.Kc2 Rd8 25.e4 Nh3 26.Rf1 Rfe8 27.Rxf6 Rxd5 28.exd5 gxf6 29.Bxf6+ Kg8
30.d6 Nf4 31.d7 Kf8 32.dxe8=Q+ Kxe8 33.Be5 Ne6 34.Kd3 Kd7 35.Ke4 Kc6 36.Ne3 Ng5+
37.Kf4 Nf7 38.Bc3 Kb5 39.Kf5 Nd6+ 40.Ke5 Nc4+ 41.Nxc4 Kxc4 42.Bd2 Kd3 43.Bh6 c4
44.Kf6 Ke4 45.a4 c3 46.Kg7  1-0

[Event "Tampere We HervS"]
[Site "Tampere"]
[Date "1998.??.??"]
[Round "1"]
[White "Heinimaki, Leo"]
[Black "Keskisarja, Teemu"]
[Result "0-1"]
[WhiteElo "2080"]
[BlackElo "2290"]

1.d4 d5 2.c4 Nc6 3.Nf3 Bg4 4.cxd5 Bxf3 5.gxf3 Qxd5 6.e3 e5 7.Nc3 Bb4 8.Bd2 Bxc3
9.bxc3 Qd6 10.Rb1 Nge7 11.Bd3 O-O 12.Rb3 f5 13.Qb1 Rae8 14.Kd1 b6 15.Bc1 Na5
16.Rb5 Nd5 17.Bd2 c6 18.Rb2 e4 19.Bf1 b5 20.f4 Nc4 21.Bxc4 bxc4 22.Ke2 Rb8
23.Rc1 Rb6 24.Rxb6 axb6 25.Rc2 Qh6 26.Qg1 Qh5+ 27.Ke1 Rf6 28.Qg5 Qxh2 29.Ke2 h6
30.Qg3 Qh5+ 31.f3 Rg6 32.Qf2 exf3+  0-1

[Event "Tampere We HervS"]
[Site "Tampere"]
[Date "1998.??.??"]
[Round "5"]
[White "Hermlin, Aarne"]
[Black "Keskisarja, Teemu"]
[Result "0-1"]
[WhiteElo "2285"]
[BlackElo "2290"]

1.d4 d5 2.c4 Nc6 3.Nf3 Bg4 4.cxd5 Bxf3 5.gxf3 Qxd5 6.e3 e5 7.Nc3 Bb4 8.Bd2 Bxc3
9.bxc3 Qd6 10.Be2 Nge7 11.Qc2 O-O 12.h4 f5 13.h5 Rae8 14.h6 gxh6 15.O-O-O Rf6
16.Kb1 b5 17.Bc1 Na5 18.dxe5 Qxe5 19.f4 Qc5 20.Bf3 Nc4 21.Rd7 Rb8 22.Rhd1 b4
23.Rd8+ Rf8 24.Rxf8+ Kxf8 25.cxb4 Qxb4+ 26.Ka1 Na3 27.Bxa3 Qxa3 28.Rd3 Qa6
29.Qc3 c5 30.Qh8+ Ng8 31.Qc3 Qb6 32.Rd1 Qf6 33.Qxf6+ Nxf6 34.Rh1 Kg7 35.Rg1+ Kf7
36.Rh1 Rd8 37.Rxh6 Rd2 38.Rh2 c4 39.Kb1 c3 40.Rg2 a5 41.a4 Rb2+ 42.Kc1 Ra2
43.Bc6 Ke6  0-1

[Event "Techirghiol op-B"]
[Site "Techirghiol"]
[Date "1998.??.??"]
[Round "?"]
[White "Dubovcev, D."]
[Black "Okunev, Pavel"]
[Result "1-0"]
[WhiteElo "1650"]
[BlackElo "1650"]

1.d4 d5 2.c4 Nc6 3.Nc3 dxc4 4.Nf3 Nf6 5.Bg5 Bg4 6.e3 Nd5 7.Bxc4 Nxc3 8.bxc3 h6
9.Bh4 g5 10.Bg3 e6 11.e4 Bg7 12.Qd3 Qd7 13.Rb1 b6 14.Bb5 a6 15.Bxa6 f5 16.exf5 Bxf5
17.Qc4 Bxb1 18.Nd2 Bf5 19.Bb5 Bd3 20.Qxd3 Qd5 21.Bxc7 Rxa2 22.O-O Rxd2 23.c4 Qxb5
24.Qg6+ Kf8 25.cxb5 Nxd4 26.Bd6+ Kg8 27.Ra1 Ne2+ 28.Kh1  1-0

[Event "Techirghiol op-A"]
[Site "Techirghiol"]
[Date "1998.??.??"]
[Round "?"]
[White "Ciortan, Mihail"]
[Black "Tuchila, V."]
[Result "1/2-1/2"]
[WhiteElo "2145"]
[BlackElo "2100"]

1.d4 d5 2.c4 Nc6 3.Nf3 Nf6 4.e3 Bg4 5.cxd5 Qxd5 6.Be2 e6 7.Nc3 Bb4 8.O-O Qd7
9.h3 Bh5 10.a3 Bxc3 11.bxc3 a6 12.c4 O-O 13.Bb2 Rfd8 14.Rc1 Ne4 15.Nd2 Bg6
16.Bf3 Nd6 17.Nb3 Rab8 18.Nc5 Qe8 19.Qd2 f6 20.Bxc6 Qxc6 21.Nxe6 Re8 22.d5 Qd7
23.Rfd1 Bf7 24.Nc5 Qf5 25.Qd3 Qg5 26.Qd4 Ra8 27.Qg4 Qxg4 28.hxg4 b6 29.Nd3 Re4
30.Nf4 Rxc4 31.Rd4 b5 32.f3 Rc8 33.e4 Rxc1+ 34.Bxc1 c5 35.dxc6 Rxc6 36.Bd2 g5
37.Nd3 Nc4 38.Rd8+ Kg7 39.Nb4 Re6 40.Bc1 a5 41.Nd5 Rd6 42.Rxd6 Nxd6 43.Nc7 b4
44.axb4 axb4 45.Na6 b3 46.Nc5 Kg6 47.Kf2 h5 48.gxh5+ Kxh5 49.g4+ Kg6 50.Ke2 Bg8
51.Kd2 Nc4+ 52.Kc3 b2 53.Bxb2 Nxb2 54.Kxb2 Bc4 55.Nb3 Kf7 56.Nd4 Ke7 57.Kc3 Bf1
58.Kd2 Kd6 59.Ke1 Bc4 60.Kf2 Ke5 61.Ke3 Ba6 62.Nc6+ Kd6 63.Nb4 Bb7 64.f4 Bc8
65.Kf3 Ke6 66.Nc6 Kd6 67.Nd4 Bb7 68.Nf5+ Ke6 69.Nd4+ Kd6 70.Ne2 Kc5 71.Ke3 Bc8
72.Kf3 Kc4 73.Ng3 Kd4 74.Nf5+ Kc5 75.Ng7 Kd6 76.Nf5+ Ke6 77.Ke3 Bb7 78.Ng7+ Kf7
79.Nh5 Kg6 80.Ng3 Bc6 81.Ne2 Ba4 82.Nc3 Bc2 83.Nd5 Bd1 84.Nxf6 Kxf6 85.e5+ Ke6
86.fxg5 Kxe5 87.g6 Bxg4 88.g7 Be6 89.g8=Q Bxg8  1/2-1/2

[Event "BCF-ch"]
[Site "Torquay"]
[Date "1998.??.??"]
[Round "2"]
[White "Buckley, Graeme"]
[Black "Wismayer, Clive R"]
[Result "1-0"]
[WhiteElo "2315"]
[BlackElo "2140"]

1.d4 d5 2.c4 Nc6 3.Nf3 Bg4 4.Nc3 e6 5.e3 Bb4 6.Qa4 Bxf3 7.gxf3 Ne7 8.a3 Bxc3+
9.bxc3 O-O 10.f4 dxc4 11.Bxc4 Nd5 12.Qc2 f5 13.Bd3 Qh4 14.Bd2 Rad8 15.Qb2 Nb6
16.Be2 Rd7 17.c4 Rb8 18.Rc1 Qh3 19.Bf1 Qg4 20.h3 Qh4 21.Bg2 Nd8 22.Rg1 Qf6
23.Qb3 c6 24.Bc3 Qh6 25.Ke2 Na8 26.d5 cxd5 27.cxd5 Nc7 28.Be5 Rc8 29.d6 Nf7
30.Qxb7 Nxd6 31.Bxd6 Rcd8 32.Bxc7 Rd2+ 33.Ke1 Qh4 34.Qf3 R8d7 35.Bf1 Qe7
36.Ba5 Rb2 37.Rc8+ Kf7 38.Qh5+  1-0

[Event "RUS-ch sf"]
[Site "Tula"]
[Date "1998.??.??"]
[Round "8"]
[White "Poliakov, Alexander"]
[Black "Tishin, P."]
[Result "1/2-1/2"]
[WhiteElo "2250"]
[BlackElo "2285"]

1.d4 d5 2.c4 Nc6 3.Nc3 e6 4.Nf3 Nf6 5.Bg5 Be7 6.e3 O-O 7.a3 b6 8.cxd5 Nxd5
9.Bxe7 Ncxe7 10.Nxd5 Nxd5 11.Bd3 Bb7 12.O-O Qe7 13.Rc1 Rfc8 14.Qe2 c5 15.Ba6 Bxa6
16.Qxa6 Rc7 17.dxc5 Rxc5 18.Nd4 h6 19.Nb3 Rc7 20.Rxc7 Qxc7 21.Rc1 Qe5 22.Rc8+ Rxc8
23.Qxc8+ Kh7 24.Qc2+ Kg8 25.Qc8+ Kh7 26.Qc2+ g6 27.h3 Nf6 28.Nd4 Nd5  1/2-1/2

[Event "Vienna op 13th"]
[Site "Vienna"]
[Date "1998.??.??"]
[Round "?"]
[White "Gleizerov, Evgeny"]
[Black "Dueckstein, Andreas"]
[Result "1/2-1/2"]
[WhiteElo "2545"]
[BlackElo "2360"]

1.d4 d5 2.c4 Nc6 3.e3 e5 4.Nf3 exd4 5.exd4 Nf6 6.Nc3 Be7 7.h3 O-O 8.Be3 Re8
9.a3 Be6 10.c5 Ne4 11.Bb5 Bf6 12.O-O Nxc3 13.bxc3 Bd7 14.Rb1 b6 15.c4  1/2-1/2

[Event "Vienna op 13th"]
[Site "Vienna"]
[Date "1998.??.??"]
[Round "?"]
[White "Epishin, Vladimir"]
[Black "Grabher, Heinz"]
[Result "1-0"]
[WhiteElo "2590"]
[BlackElo "2260"]

1.d4 d5 2.c4 Nc6 3.Nf3 Bg4 4.Nc3 e6 5.cxd5 exd5 6.Bf4 Bb4 7.e3 Nge7 8.h3 Bf5
9.Be2 O-O 10.Rc1 Ng6 11.Bh2 Nce7 12.Qb3 Bd6 13.Bxd6 Qxd6 14.O-O c6 15.a3 Rfe8
16.Rfe1 Be4 17.Qd1 Nf5 18.Bf1 Qf6 19.Nxe4 dxe4 20.Nd2 Nd6 21.Qg4 Rad8 22.b4 Qe7
23.Rc5 f5 24.Qg3 Qf6 25.Be2 Rf8 26.Rf1 Ne7 27.Qe5 Nd5 28.Qxf6 Rxf6 29.b5 Nxb5
30.Bxb5 cxb5 31.Rxb5 b6 32.Rc1 Re6 33.Rb3 g5 34.Kf1 f4 35.Ke2 Kg7 36.a4 a6
37.Nb1 h5 38.Nc3 Rc6 39.Kd2 Rdc8 40.g3 fxg3 41.fxg3 Nxc3 42.Rbxc3 Rxc3 43.Rxc3 Rxc3
44.Kxc3 Kf6 45.Kc4 Ke6 46.a5 b5+ 47.Kc5 g4 48.hxg4 hxg4 49.Kc6 b4 50.d5+ Kf5
51.d6 b3 52.d7 b2 53.d8=Q b1=Q 54.Qc8+ Kf6 55.Qxa6 Qe1 56.Qb6 Qxg3 57.a6 Ke7
58.Qc5+  1-0

[Event "Donau op"]
[Site "Vienna"]
[Date "1998.??.??"]
[Round "6"]
[White "Certek, Pavel"]
[Black "Dueckstein, Andreas"]
[Result "1-0"]
[WhiteElo "2255"]
[BlackElo "2360"]

1.d4 d5 2.c4 Nc6 3.Nf3 Bg4 4.cxd5 Bxf3 5.dxc6 Bxc6 6.Nc3 e6 7.Bf4 Nf6 8.a3 Bd6
9.Bg3 O-O 10.e3 Re8 11.Qc2 a6 12.Rd1 b5 13.f3 Qe7 14.Bh4 b4 15.axb4 Bxb4
16.Bd3 h6 17.O-O g5 18.Bf2 Nd5 19.Nxd5 Bxd5 20.Rc1 Rec8 21.e4 Bb7 22.Be3 Ba5
23.Qf2 Bb6 24.f4 Rd8 25.fxg5 hxg5 26.e5 Rd7 27.Bb1 Kg7 28.Rfd1 Rg8 29.Qg3 Kf8
30.Rd2 Qb4 31.Qg4 Ke8 32.Rcd1 Qb3 33.Bf2 Qb4 34.h4 c5 35.hxg5 cxd4 36.g6 Qb3
37.Rf1 Rg7 38.Rd3 Qd5 39.Rh3 Kd8 40.Bd3 Kc7 41.Rh8 Bc5 42.Rc1 Kb6 43.Rh7 Qxe5
44.Re1 f5 45.Rxe5 fxg4 46.Rxe6+ Ka7 47.Rxg7 Rxg7 48.b4 g3 49.Bxg3 Bxb4 50.Be5  1-0

[Event "POL-chT2"]
[Site "Wisla"]
[Date "1998.??.??"]
[Round "?"]
[White "Janota, Henryk"]
[Black "Masternak, Aleksander"]
[Result "1/2-1/2"]
[WhiteElo "2255"]
[BlackElo "2220"]

1.d4 d5 2.c4 Nc6 3.cxd5 Qxd5 4.Nf3 e5 5.Nc3 Bb4 6.Bd2 Bxc3 7.Bxc3 e4 8.Ne5 Nxe5
9.dxe5 Qxd1+ 10.Rxd1 Be6 11.a3 Ne7 12.e3 Rd8 13.Be2 Rxd1+ 14.Bxd1 O-O 15.f3 exf3
16.gxf3 Re8 17.Kf2 Nd5 18.Bd4 b6 19.b4 Rc8 20.b5 c5 21.bxc6 Rxc6 22.Ba4 Rc8
23.Rd1 g6 24.Rd2 a6 25.Rc2 b5 26.Rxc8+ Bxc8 27.Bc2 Kf8 28.h4 Ke7 29.Kg3 Be6
30.h5 Kd7 31.e4 Ne7 32.Kh4 a5 33.f4 Nc6 34.Bb2 b4 35.Bd3 bxa3 36.Bxa3 Nb4
37.Bb5+ Kc7 38.Kg5 Kb6 39.Ba4 gxh5 40.f5 Bc4 41.Kxh5 Bd3 42.Kg5 Bxe4 43.Be8 h6+
44.Kxh6 Bxf5 45.Bxf7 Nc6 46.Bd6 Nd8 47.Be8 Ne6  1/2-1/2

[Event "POL-chT2"]
[Site "Wisla"]
[Date "1998.??.??"]
[Round "?"]
[White "Kasperek, Wieslaw"]
[Black "Masternak, Grzegorz"]
[Result "0-1"]
[WhiteElo "2230"]
[BlackElo "2380"]

1.d4 d5 2.c4 Nc6 3.cxd5 Qxd5 4.Nf3 e5 5.Nc3 Bb4 6.e3 Bg4 7.dxe5 Qxd1+ 8.Kxd1 Nxe5
9.Be2 O-O-O+ 10.Kc2 Bxc3 11.Kxc3 Nxf3 12.gxf3 Bh5 13.Rg1 Nf6 14.Re1 Nd5+
15.Kb3 Ne7 16.e4 Bxf3 17.Bc4 Nc6 18.Bxf7 Rd3+ 19.Kc4 Ne5+  0-1

[Event "POL-chT2"]
[Site "Wisla"]
[Date "1998.??.??"]
[Round "?"]
[White "Markiewicz, Jerzy"]
[Black "Chachaj, Tomasz"]
[Result "1-0"]
[WhiteElo "2230"]
[BlackElo "2300"]

1.d4 d5 2.c4 Nc6 3.cxd5 Qxd5 4.e3 e5 5.Nc3 Bb4 6.Bd2 Bxc3 7.bxc3 Qd6 8.f3 Be6
9.Bd3 O-O-O 10.Qa4 Nge7 11.Ne2 Nd5 12.O-O Nb6 13.Qc2 Nc4 14.Bxc4 Bxc4 15.Be1 g6
16.Bf2 Rhe8 17.Rfd1 Qa3 18.e4 f5 19.Nc1 fxe4 20.fxe4 a6 21.Nb3 Na5 22.Rab1 Rd7
23.d5 Rf7 24.Be3 Qa4 25.h3 Ref8 26.Bc5 Re8 27.Bb4 Rf4 28.Bxa5  1-0

[Event "POL-chT2"]
[Site "Wisla"]
[Date "1998.??.??"]
[Round "?"]
[White "Goj, Artur"]
[Black "Lipski, Tadeusz"]
[Result "1/2-1/2"]
[WhiteElo "2350"]
[BlackElo "2195"]

1.d4 d5 2.c4 Nc6 3.Nc3 dxc4 4.Nf3 Nf6 5.e4 Bg4 6.Be3 e6 7.Qa4 Bxf3 8.gxf3 a6
9.Qxc4 Be7 10.Bh3 Na5 11.Qe2 b5 12.b3 Nb7 13.O-O O-O 14.Rfd1 c6 15.Rac1 g6
16.Qc2 Nh5  1/2-1/2

[Event "POL-chT2"]
[Site "Wisla"]
[Date "1998.??.??"]
[Round "?"]
[White "Matlak, Jacek"]
[Black "Lipski, Tadeusz"]
[Result "1-0"]
[WhiteElo "2255"]
[BlackElo "2195"]

1.d4 d5 2.c4 Nc6 3.cxd5 Qxd5 4.e3 e5 5.Nc3 Bb4 6.Bd2 Bxc3 7.bxc3 exd4 8.cxd4 Nf6
9.f3 O-O 10.Qb3 Qh5 11.Qb5 Qg6 12.Kf2 a6 13.Qb3 Rb8 14.Ne2 Be6 15.Qb2 h5
16.Nf4 Qh7 17.h4 Rfe8 18.Rc1 Rbd8 19.Bd3 g6 20.Rc5 Qg7 21.Bxg6 Nd7 22.Rg5 Kf8
23.Bd3 Qf6 24.Qa3+ Ne7 25.d5 b6 26.Bc3 Qh6 27.Bg7+  1-0

[Event "POL-chT2"]
[Site "Wisla"]
[Date "1998.??.??"]
[Round "?"]
[White "Szczesniak, Konrad"]
[Black "Dubiel, Jacek"]
[Result "0-1"]
[WhiteElo "2155"]
[BlackElo "2365"]

1.d4 d5 2.c4 Nc6 3.e3 e5 4.cxd5 Qxd5 5.Nc3 Bb4 6.Bd2 Bxc3 7.Bxc3 exd4 8.exd4 Nf6
9.Nf3 Bg4 10.Be2 O-O 11.O-O Rfe8 12.Qd2 Rad8 13.Bd1 Qd6 14.Qg5 h6 15.Qb5 Rb8
16.Rc1 a6 17.Qb3 Be6 18.Qc2 Bd5 19.Ne5 Ne4 20.Bf3 Nxc3 21.Qxc3 Nxd4 22.Qxd4 Rxe5
23.Bxd5 Rxd5 24.Qe4 c6 25.g3 Rd4 26.Qe3 Rd8 27.Rce1 Qd5 28.Qe7 Rd7 29.Qe8+ Kh7
30.b3 Rd8 31.Qe7 Rd7 32.Qe3 Rd3 33.Qb6 Rd2 34.Re8 Rxa2 35.Qa7 Rd2 36.Qb8 Rd1
37.Rh8+ Kg6 38.Rxd1 Qxd1+ 39.Kg2 Qd5+ 40.f3 Qd2+ 41.Kh3 Qd6 42.Qg8 Qe5 43.Qh7+ Kf6
44.Qc2 Qf5+ 45.Qxf5+ Kxf5  0-1

[Event "Ardid mem 10th op"]
[Site "Zaragoza"]
[Date "1998.??.??"]
[Round "3"]
[White "Del Rey, Diego"]
[Black "Gimeno Oteo, Marco Antonio"]
[Result "1-0"]
[WhiteElo "2350"]
[BlackElo "2155"]

1.d4 d5 2.c4 Nc6 3.Nc3 dxc4 4.d5 Ne5 5.Bf4 Ng6 6.Bg3 e5 7.e4 Bd6 8.Bxc4 a6
9.Nf3 Nf6 10.Nd2 Bd7 11.Be2 h5 12.h4 Ng4 13.Nc4 b5 14.Nxd6+ cxd6 15.Qd2 Qb6
16.Nd1 Rc8 17.f3 Nh6 18.Bf2 Qd8 19.g3 f5 20.exf5 Bxf5 21.Nc3 O-O 22.O-O e4
23.Nxe4 Bxe4 24.fxe4 Ne5 25.Bxh5 Qd7 26.Kg2 Rc4 27.Bd4 Rfc8 28.Rac1 Nhg4
29.Rxc4 Rxc4 30.Rc1 Rxc1 31.Qxc1 Nf6 32.Bxe5 dxe5 33.Bf3 Qa7 34.Qc8+ Kh7
35.Qf5+ Kh8 36.Qxe5 b4 37.Qe6 Qe3 38.Qc8+ Kh7 39.Qc2 g6 40.Qc7+ Kg8  1-0

[Event "Hastings Challengers"]
[Site "Hastings"]
[Date "1999.01.03"]
[Round "6"]
[White "Kiriakov, Petr"]
[Black "Summerscale, Aaron"]
[Result "1-0"]
[WhiteElo "2545"]
[BlackElo "2455"]

1.d4 d5 2.c4 Nc6 3.Nc3 dxc4 4.Nf3 Nf6 5.e3 e5 6.Bxc4 exd4 7.exd4 Bd6 8.Qe2+ Qe7
9.Qxe7+ Nxe7 10.O-O c6 11.Re1 h6 12.Ne5 O-O 13.Bf4 Bb4 14.a3 Bxc3 15.bxc3 Ned5
16.Bd2 Bf5 17.f3 Rfd8 18.a4 Rac8 19.Bb3 Be6 20.Rab1 b6 21.g4 Ne8 22.f4 f5
23.Ng6 Kf7 24.Ne5+ Kg8 25.g5 Rc7 26.Re2 c5 27.c4 Ne7 28.d5 Bc8 29.gxh6 gxh6
30.Rg2+ Kh7 31.Bc3 Ng8 32.Nc6 Rdd7 33.Be5 Rb7 34.Bc2 Ng7 35.Rb3 h5 36.Rbg3 Nh6
37.h3 a6 38.Rg5 Ng8 39.Bxf5+ Nxf5 40.Rxg8  1-0

[Event "Tapolca op"]
[Site "Budapest"]
[Date "1999.01.09"]
[Round "2"]
[White "Karkus, Karoly"]
[Black "Jamrich, Gyorgy"]
[Result "0-1"]
[WhiteElo "2170"]
[BlackElo "2310"]

1.d4 d5 2.c4 Nc6 3.cxd5 Qxd5 4.Nf3 e5 5.Nc3 Bb4 6.Bd2 Bxc3 7.Bxc3 e4 8.Ne5 e3
9.Qb3 Qxb3 10.axb3 Nxe5 11.dxe5 exf2+ 12.Kxf2 Be6 13.b4 Bd5 14.Rd1 Ne7 15.e3 O-O-O
16.Be2 Rhe8 17.Rd2 Bb3 18.Bg4+ Be6 19.Bxe6+ fxe6 20.Rc2 a6 21.Bd4 Nc6 22.Rhc1 Re7
23.Rc4 Rd5 24.Ke2 Nxe5 25.Bxe5 Rxe5 26.e4 Rh5 27.h3 c6 28.Rf1 Kc7 29.Ke3 Kb6
30.Rf8 Kb5 31.b3 e5 32.Rf5 g6 33.Rf3 Re6 34.Rf7 b6 35.Rd7 Rg5 36.Rd2 Rg3+  0-1

[Event "BL9899 (Women)"]
[Site "Germany"]
[Date "1999.01.17"]
[Round "8.2"]
[White "Lomineishvili, Maia"]
[Black "Dergatschova Daus, Anna"]
[Result "1-0"]
[WhiteElo "2375"]
[BlackElo "2196"]

1.d4 d5 2.c4 Nc6 3.cxd5 Qxd5 4.e3 e5 5.Nc3 Bb4 6.Bd2 Bxc3 7.bxc3 Nf6 8.f3 Qd6
9.Bd3 O-O 10.Ne2 Re8 11.Qb1 Rb8 12.a4 Bd7 13.O-O a5 14.Ng3 Ne7 15.Kh1 c5
16.dxe5 Qxe5 17.c4 h5 18.f4 Qc7 19.Bc3 h4 20.Bxf6 hxg3 21.Be5 Qc6 22.Rf3 gxh2
23.Rg3 f6 24.Bxb8 Rxb8 25.Be4 Qa6 26.Bd5+ Be6 27.Qe4 Bxd5 28.Qxe7 Bf7 29.Rd1 Qxc4
30.Qxf6  1-0

[Event "NRW-Liga I 9899"]
[Site "GER"]
[Date "1999.01.20"]
[Round "5"]
[White "Wyrwich, Thomas"]
[Black "Heisel, Guido"]
[Result "0-1"]
[WhiteElo "2235"]
[BlackElo "2235"]

1.d4 d5 2.c4 Nc6 3.cxd5 Qxd5 4.e3 e5 5.Nc3 Bb4 6.Bd2 Bxc3 7.Bxc3 exd4 8.Ne2 Nf6
9.Nxd4 Bd7 10.Nb5 Qxd1+ 11.Rxd1 O-O-O 12.Be2 Be6 13.Nd4 Bd5 14.f3 Nxd4 15.Bxd4 b6
16.b3 c5 17.Bb2 Rhe8 18.Kf2 Re7 19.Bb5 Bb7 20.Rxd8+ Kxd8 21.Rd1+ Kc7 22.a4 Bc6
23.Bc4 Ne8 24.g4 f6 25.h4 Nd6 26.Bd3 h6 27.e4 a5 28.Rc1 Be8 29.Rc3 Bf7 30.Bc1 g5
31.Be3 Kb7 32.Be2 Be6 33.Kg3 Bg8 34.Bf1 Rxe4 35.Bg2 Rb4 36.f4+ Ne4+ 37.Bxe4+ Rxe4
38.hxg5 hxg5 39.fxg5 fxg5 40.Bxg5 Rb4 41.Bc1 Rxb3 42.Rxb3 Bxb3 43.Kf4 Bxa4
44.Ke3 Bc2 45.Kd2 Bg6 46.Kc3 Kc6 47.g5 b5 48.Kb3 Bf7+ 49.Ka3 b4+ 50.Ka4 Kb6
51.Be3 Be8+ 52.Kb3 Kb5  0-1

[Event "BL2-O9899"]
[Site "Germany"]
[Date "1999.01.31"]
[Round "5.7"]
[White "Schultz, Andreas"]
[Black "Haubt, Georg"]
[Result "1/2-1/2"]
[WhiteElo "2155"]
[BlackElo "2270"]

1.d4 d5 2.c4 Nc6 3.cxd5 Qxd5 4.e3 e5 5.Nc3 Bb4 6.Bd2 Bxc3 7.bxc3 Qd6 8.Bb5 Ne7
9.Nf3 O-O 10.O-O Bg4 11.Be2 Rad8 12.Ne1 Bxe2 13.Qxe2 Rfe8 14.Nc2 Qg6 15.Rfc1 Nf5
16.Qf1 Nd6 17.Be1 Na5 18.Na3 b6 19.dxe5 Rxe5 20.c4 Qh5 21.Rab1 Nab7 22.Rd1 Ree8
23.Rd5 Qg6 24.Rbd1 c6 25.R5d4 h6 26.Qe2 Qe6 27.Bc3 Nf5 28.Rxd8 Rxd8 29.Rxd8+ Nxd8
30.e4 Nd6 31.f3 f6 32.Qd3 N8f7 33.Bb4 Nb7 34.Bc3 Ne5 35.Bxe5 fxe5 36.Nc2 Nd6
37.Ne3 Kf7 38.Qb3 Nb7 39.Kf2 Nc5 40.Qd1 g6 41.Qd8 Qd7 42.Qxd7+ Nxd7 43.Ke2 Ke6
44.Kd2 Nc5 45.h4 h5 46.Nd1 Kd6 47.Nf2 a5 48.g3 b5 49.cxb5 cxb5 50.Nd3  1/2-1/2

[Event "US Amateur Team East"]
[Site "Parsippany"]
[Date "1999.02.13"]
[Round "1"]
[White "Mont Reynaud, Jordy"]
[Black "Ross, Philip"]
[Result "0-1"]
[WhiteElo "2225"]
[BlackElo "2161"]

1.d4 d5 2.c4 Nc6 3.cxd5 Qxd5 4.Nf3 e5 5.Nc3 Bb4 6.Bd2 Bxc3 7.Bxc3 e4 8.Ne5 Nxe5
9.dxe5 Qxd1+ 10.Rxd1 Be6 11.b3 Ne7 12.Rd4 Nd5 13.Bb2 c5 14.Rxe4 Nb4 15.e3 O-O
16.a3 Nd5 17.Bc4 a6 18.Rh4 b5 19.Bd3 g6 20.O-O Rfd8 21.Bc2 Nb6 22.Bc3 a5
23.Be4 Bd5 24.Bc2 b4 25.Bb2 Bc6 26.Rc1 Rd2 27.h3 Rad8 28.axb4 axb4 29.Rf4 Bd5
30.Kf1 Be6 31.Ke1 c4 32.Bd4 Rxc2 33.Rxc2 cxb3 34.Rb2 Na4 35.Rb1 Nc3 36.Rb2 Na4
37.Rb1 Nc3 38.Bxc3 bxc3 39.Rb4 b2 40.e4 c2 41.R4xb2 cxb1=Q+ 42.Rxb1 Rd4 43.f3 Rc4
44.Kf2 Rc5 45.Ke3 g5 46.Rf1 Kg7 47.f4  0-1

[Event "Zuglo Hotel op"]
[Site "Budapest"]
[Date "1999.02.20"]
[Round "2"]
[White "Ezsol, Miklos"]
[Black "Antal, Gergely"]
[Result "1/2-1/2"]
[WhiteElo "2385"]
[BlackElo "2257"]

1.d4 d5 2.c4 Nc6 3.e3 e5 4.cxd5 Qxd5 5.Nc3 Bb4 6.Bd2 Bxc3 7.bxc3 Qd6 8.Bd3 Nf6
9.Ne2 O-O 10.Ng3 Re8 11.O-O e4 12.Be2 Be6 13.c4 Rad8 14.Bc3 Bc8 15.Qb3 b6
16.Qb5 Bd7 17.Qb2 Bg4 18.Rae1 h5 19.h3 h4 20.Bxg4 Nxg4 21.hxg4 hxg3 22.d5 Ne5
23.Bxe5 Qxe5 24.Qxe5 gxf2+ 25.Rxf2 Rxe5 26.Ref1 f6 27.Rf5 Rde8 28.Kh2 Kf7
29.Kg3 Rxf5 30.gxf5 Ke7 31.Kf4 Kd6 32.Rd1 Kc5 33.Rd4 Re7 34.Kg4 Kb4 35.Kh5 Ka3
36.Rd2 Kb4 37.Rc2 Kc5 38.Kg6 Rd7 39.g4 Re7 40.Kh7 Kb4 41.Kg8 a5 42.Kf8 Rd7
43.Ke8 Rd6 44.Ke7 a4 45.Ke8 a3 46.Ke7 Kc5 47.Rc3 Kb4 48.Rc2 Kc5 49.Kf7 Rd7+
50.Kf8 Kb4 51.Rc1 Kc5 52.Ke8 Rd6 53.Kf7 Rd7+ 54.Kg6 Re7 55.Kh5 Rd7 56.Kg6 Re7
57.Rc3 Kb4 58.Rc2  1/2-1/2

[Event "BL9899 (Women)"]
[Site "Germany"]
[Date "1999.02.28"]
[Round "9.2"]
[White "Juergens, Vera"]
[Black "Dergatschova Daus, Anna"]
[Result "1-0"]
[WhiteElo "2300"]
[BlackElo "2196"]

1.d4 d5 2.c4 Nc6 3.Nc3 dxc4 4.d5 Ne5 5.Bf4 Ng6 6.Bg3 Bd7 7.h4 e5 8.h5 Nf4
9.e3 Nd3+ 10.Bxd3 cxd3 11.Bxe5 Qg5 12.Bg3 Bd6 13.Nf3 Qh6 14.Bxd6 cxd6 15.Qxd3 Ne7
16.Qe4 f5 17.Qh4 b5 18.a3 Rc8 19.Rd1 Rf8 20.g3 Rc5 21.Rd4 a5 22.O-O Qf6 23.Qf4 h6
24.Nh4 Kf7 25.Rfd1 Kg8 26.Qf3 Be8 27.Ne2 Qe5 28.Nf4 Rc2 29.R1d2 Rc1+ 30.Kh2 Qf6
31.Ne6 Rf7 32.Rf4 Nxd5 33.Rxd5 Qxe6 34.Rdxf5 Rxf5 35.Nxf5 Bc6 36.e4 Re1 37.Qg4 Qf6
38.Nxg7 Bxe4 39.Nf5+ Qg5 40.Rxe4 Rxe4 41.Nxh6+  1-0

[Event "Budapest FS03 IM"]
[Site "Budapest"]
[Date "1999.03.09"]
[Round "4"]
[White "Zimmerman, Yuri"]
[Black "Jamrich, Gyorgy"]
[Result "1-0"]
[WhiteElo "2374"]
[BlackElo "2273"]

1.d4 d5 2.c4 Nc6 3.cxd5 Qxd5 4.e3 e5 5.Nc3 Bb4 6.Bd2 Bxc3 7.bxc3 Qd6 8.Ne2 Nf6
9.Ng3 O-O 10.Bd3 Re8 11.O-O b6 12.Qc2 h6 13.f3 Na5 14.Ne4 Nxe4 15.Bxe4 Bb7
16.Bxb7 Nxb7 17.Rad1 c5 18.Bc1 cxd4 19.cxd4 exd4 20.Rxd4 Rac8 21.Qd3 Qb8
22.Bb2 Nc5 23.Qf5 Re5 24.Qh3 Ne6 25.Rd7 Rxe3 26.Qh5 Rf8 27.f4 Nxf4 28.Qg4 Ne6
29.Re7 g6 30.Qh4 Kh7 31.Qf6  1-0

[Event "Bucharest TIT"]
[Site "Bucharest"]
[Date "1999.03.12"]
[Round "12"]
[White "Solcanean, Serghei"]
[Black "Lupulescu, Constantin"]
[Result "0-1"]
[WhiteElo "2260"]
[BlackElo "2261"]

1.d4 d5 2.c4 Nc6 3.Nc3 e5 4.cxd5 Nxd4 5.e3 Nf5 6.Nf3 f6 7.e4 Nd6 8.Be2 Bd7
9.Be3 g6 10.Nd2 Nh6 11.O-O Nhf7 12.Qb3 f5 13.f3 f4 14.Bf2 a6 15.Nc4 b6 16.Nxd6+ Bxd6
17.a4 g5 18.Rfc1 h5 19.h3 g4 20.fxg4 hxg4 21.Bxg4 Bxg4 22.hxg4 Nh6 23.Nd1 Nxg4
24.Rc3 Qg5 25.Rh3 Kf7 26.Rc1 Ne3 27.Rxe3 fxe3 28.Qxe3 Qh5 29.Kf1 Rag8 30.Qf3+ Qxf3
31.gxf3 Rh1+ 32.Ke2 Rg2 33.Rc2 Rhh2 34.Kf1 Bc5 35.b4 Bxf2 36.Rxf2 Rxf2+ 37.Nxf2 Ke7
38.Kg1 Rh8 39.Ng4 Kd6 40.Ne3 b5 41.a5 c6 42.dxc6 Kxc6 43.Nd5 Rd8 44.Kf2 Rxd5
45.exd5+ Kxd5 46.Ke3 Kc4 47.Ke4 Kxb4 48.Kxe5 Kc4 49.f4 b4  0-1

[Event "BEL-chT9899"]
[Site "Antwerp"]
[Date "1999.03.??"]
[Round "9"]
[White "Groffen, Hans"]
[Black "Schuermans, Robert"]
[Result "1-0"]
[WhiteElo "2204"]
[BlackElo "2169"]

1.d4 d5 2.c4 Nc6 3.cxd5 Qxd5 4.e3 e5 5.Ne2 exd4 6.Nbc3 Bb4 7.Nxd4 Nxd4 8.Qxd4 Qxd4
9.exd4 Bf5 10.Bc4 Bg6 11.O-O O-O-O 12.Nd5 Bd6 13.Be3 Ne7 14.Nc3 a6 15.a3 Rhe8
16.b4 c6 17.Rac1 Kb8 18.Rfe1 Bc7 19.a4 Nf5 20.b5 Nxe3 21.fxe3 axb5 22.axb5 Ba5
23.bxc6 bxc6 24.Re2 Re7 25.Na4 Rde8 26.Nc5 Bb6 27.Rb2 Kc7 28.Na6+ Kb7 29.Ra1 Rxe3
30.Nc5+ Kc7 31.Na6+ Kb7 32.Ra4 Re1+ 33.Kf2 Rc1 34.Rab4 Rxc4 35.Rxb6+ Ka7
36.Nc5 Rc2+ 37.Rxc2 Bxc2 38.Rb7+ Ka8 39.Rxf7 g5 40.Rc7 Rf8+ 41.Ke3 Rf6 42.Nd7 Re6+
43.Ne5 Kb8 44.Rg7 h6 45.Kd2 Be4 46.g3 Kc8 47.Nd7 Bf3 48.Kd3 Kd8 49.Ne5 Bd5
50.Kc3 Be4 51.Kc4 Rf6 52.Kc5 Bd5 53.Rh7 Be4 54.Rxh6 Rxh6 55.Nf7+ Ke7 56.Nxh6 Bf3
57.Nf5+ Ke6 58.Ne3 Bh1 59.Nc4 Kd7 60.Ne5+ Kc7 61.Nf7 g4 62.Ne5 Bf3 63.h4  1-0

[Event "BEL-chT9899"]
[Site "Antwerp"]
[Date "1999.03.??"]
[Round "10"]
[White "Duhayon, Yves"]
[Black "Schuermans, Robert"]
[Result "1-0"]
[WhiteElo "2139"]
[BlackElo "2169"]

1.d4 d5 2.c4 Nc6 3.cxd5 Qxd5 4.e3 e5 5.Nc3 Bb4 6.Bd2 Bxc3 7.Bxc3 exd4 8.Ne2 Bg4
9.f3 O-O-O 10.Nxd4 Nxd4 11.fxg4 Ne6 12.Qxd5 Rxd5 13.Bc4 Rd7 14.O-O Nh6 15.g5 Ng4
16.Rxf7 Re8 17.Rxd7 Kxd7 18.Rd1+ Kc8 19.Re1 Nxg5 20.Bxg7 Ne4 21.h3 Ne5 22.Bxe5 Rxe5
23.Bd3 h6 24.Bxe4 Rxe4 25.Kf2 Kd7 26.Rd1+ Ke7 27.Kf3 Rc4 28.Rd2 a5 29.g4 Rc1
30.a4 Rc4 31.Rd4 Rc2 32.b4 axb4 33.Rxb4 b6 34.h4 Kf6 35.Rf4+ Kg6 36.Rf5 Ra2
37.h5+ Kg7 38.Rf4 c5 39.Rc4 Rb2 40.Ke4 Kf6 41.a5 bxa5 42.Rxc5 Rb4+ 43.Kf3 Ra4
44.Rc6+ Kg7 45.Rg6+ Kh7 46.Ra6 Ra1 47.Ra7+ Kg8 48.Ke4 Kf8 49.Kf5 Rf1+ 50.Kg6 Rg1
51.Rf7+ Kg8 52.Rf4 Rg3 53.Re4 Kf8 54.Kxh6 a4 55.Rxa4 Rxe3 56.g5 Re8 57.Kh7 Re7+
58.Kh8 Re5 59.Rg4 Kf7 60.g6+ Kf6 61.h6 Re8+ 62.Kh7  1-0